| 000 | 01624nam a22004217a 4500 | ||
|---|---|---|---|
| 003 | CHAP | ||
| 005 | 20220329143401.0 | ||
| 008 | 900209s2008 mx a r 00010 spa d | ||
| 010 | _a95785 | ||
| 011 | _a96757 | ||
| 035 | _a107413 | ||
| 040 | _cCHAP | ||
| 090 | _aTesis | ||
| 100 | 1 |
_aManríquez Roa, José. _970551 |
|
| 245 | 1 | 0 |
_aDiagnostico molecular de la bacteriosis de la jicama (Pachyrhizus erosus) en Morelos _c/por José Manríquez Roa |
| 260 |
_aChapingo, Méx. : _bEl autor, _c2008 |
||
| 300 |
_av, 35 h. : _bilus., cuadros, gráfs. |
||
| 502 | _aTesis (Ing. Agr. Esp. en Parasitología Agrícola) -- UACH. Departamento de Parasitología Agrícola | ||
| 530 | _aTambién disponible en línea | ||
| 590 |
_aALEPH _b10 _c20130110 _lUCH01 _h1526 |
||
| 590 |
_aBATCH-UPD _b10 _c20130110 _lUCH01 _h0639 |
||
| 590 |
_aBATCH-UPD _b10 _c20130111 _lUCH01 _h0000 |
||
| 590 |
_aBATCH-UPD _b10 _c20130410 _lUCH01 _h0323 |
||
| 590 |
_aBATCH-UPD _b10 _c20130914 _lUCH01 _h0518 |
||
| 590 |
_aBATCH-UPD _b10 _c20140324 _lUCH01 _h1509 |
||
| 590 |
_aBATCH-UPD _b10 _c20141002 _lUCH01 _h0838 |
||
| 590 |
_aCONVERSION _b10 _c20130109 _lUCH01 _h1353 |
||
| 650 | 1 | 4 |
_aBacteriosis. _99341 |
| 650 | 1 | 4 |
_aHongos fitopatógenos. _956132 |
| 650 | 1 | 4 |
_aIndicadores biológicos. _957561 |
| 650 | 1 | 4 |
_aJícama _xEnfermedades. _961915 |
| 650 | 1 | 4 |
_aJícama _zMorelos. _961925 |
| 856 |
_3Finding aid _uhttp://10.13.5.2/tesis/107413.pdf _zTeclea aqui |
||
| 901 | _aBK | ||
| 942 | _cFOLL | ||
| 949 |
_aTesis _bBC _cTES _d33724002081991 _eTS1 _gDonaciØn _h48696 _i107413 _sb |
||
| 949 |
_aTesis _bBC _cTES _d33724002082033 _eTS2 _fc.2 _gDonaciØn _h48697 _i107413 _sb |
||
| 999 |
_c95785 _d95785 |
||